[Event "GER-chB Seniors 29th"]
[Site "Berlin"]
[Date "2017.08.11"]
[Round "6"]
[White "Dreyer, Eduard"]
[Black "Bieberle, Gerhart"]
[Result "0-1"]
[WhiteElo "1848"]
[BlackElo "1943"]
[PlyCount "150"]
[EventDate "2017.08.07"]
[EventType "swiss"]
[EventRounds "9"]
[EventCountry "GER"]
[SourceTitle "EXT 2019"]
[Source "ChessBase"]
[SourceDate "2018.10.10"]
[SourceVersion "1"]
[SourceVersionDate "2018.10.10"]
[SourceQuality "1"]

1. d4 d5 2. e3 Nf6 3. c3 a6 4. Bd3 e6 5. Nd2 c5 6. f4 Nc6 7. Qe2 cxd4 8. exd4 g6 9. Ndf3 Qc7 10. Ne5 b5 11. a3 Na5 12. Bc2 Bb7 13. Ngf3 Nc4 14. 0-0 Nd6 15. g4 Be7 16. Ng5 Nfe4 17. Nxe4 dxe4 18. g5 Bd5 19. Rf2 0-0 20. h4 Qb7 21. h5 Rac8 22. Be3 Nc4 23. Nxc4 bxc4 24. Bd1 Rc7 25. Qg4 f5 26. Qh3 Bd6 27. Rh2 Rg7 28. hxg6 hxg6 29. Qh6 Kf7 30. Ba4 Bc6 31. Bxc6 Qxc6 32. d5 exd5 33. Bd4 Rfg8 34. Bxg7 Rxg7 35. Qh4 Qb6+ 36. Rf2 Bc5 37. Rd1 Bxf2+ 38. Qxf2 Qxf2+ 39. Kxf2 Ke6 40. Rd2 Rh7 41. Kg3 Rh1 42. Kg2 Rh4 43. Rf2 Kd6 44. Kf1 Kc5 45. Ke2 d4 46. cxd4+ Kxd4 47. Rg2 Rxf4 48. Rg1 Rg4 49. Rd1+ Ke5 50. Rc1 Rxg5 51. Rxc4 Rg2+ 52. Ke1 Rxb2 53. Ra4 Rb6 54. Ke2 Kf4 55. Kf2 g5 56. Rc4 Rb2+ 57. Ke1 Ra2 58. Ra4 Ke3 59. Kd1 Rd2+ 60. Ke1 Rd6 61. Ra5 Kf4 62. Rc5 g4 63. a4 g3 64. a5 Rf6 65. Ke2 Kg4 66. Rc8 Rh6 67. Kf1 Kf3 68. Kg1 Rd6 69. Rc1 Rd2 70. Rf1+ Rf2 71. Rc1 e3 72. Rc5 f4 73. Rc1 g2 74. Kh2 Rf1 75. Rxf1+ gxf1R 0-1

[Event "GER-chB Seniors 29th"]
[Site "Berlin"]
[Date "2017.08.11"]
[Round "4"]
[White "Engelhardt, Erhard"]
[Black "Dreyer, Eduard"]
[Result "0-1"]
[WhiteElo "1765"]
[BlackElo "1848"]
[PlyCount "53"]
[EventDate "2017.08.07"]
[EventType "swiss"]
[EventRounds "9"]
[EventCountry "GER"]
[SourceTitle "EXT 2019"]
[Source "ChessBase"]
[SourceDate "2018.10.10"]
[SourceVersion "1"]
[SourceVersionDate "2018.10.10"]
[SourceQuality "1"]

1. f4 d5 2. e3 e6 3. Nf3 Bd6 4. b3 f6 5. Bb2 b6 6. Be2 Bb7 7. 0-0 Qe7 8. Nd4 a6 9. Qe1 Nc6 10. Nxc6 Bxc6 11. d4 Nh6 12. Nd2 0-0 13. Bd3 e5 14. c3 e4 15. Be2 Bd7 16. h3 Qf7 17. Kh1 Qg6 18. Kh2 Nf5 19. Bd1 h5 20. Rg1 Kf7 21. Nf1 Qh6 22. Rc1 g5 23. g3 Rg8 24. Rc2 h4 25. Rcg2 hxg3+ 26. Nxg3 Nxe3 27. Qxe3 0-1

[Event "GER-chB Seniors 29th"]
[Site "Berlin"]
[Date "2017.08.11"]
[Round "5"]
[White "Goldinger, Josef"]
[Black "Dreyer, Eduard"]
[Result "0-1"]
[WhiteElo "1801"]
[BlackElo "1848"]
[PlyCount "70"]
[EventDate "2017.08.07"]
[EventType "swiss"]
[EventRounds "9"]
[EventCountry "GER"]
[SourceTitle "EXT 2019"]
[Source "ChessBase"]
[SourceDate "2018.10.10"]
[SourceVersion "1"]
[SourceVersionDate "2018.10.10"]
[SourceQuality "1"]

1. e4 e6 2. d4 d5 3. e5 c5 4. c3 Nc6 5. Nf3 Bd7 6. Be2 Qb6 7. 0-0 Rc8 8. h3 f6 9. b3 cxd4 10. cxd4 g6 11. Na3 Bg7 12. Bf4 Nge7 13. g4 f5 14. Nc2 h6 15. g5 hxg5 16. Nxg5 Nd8 17. Kg2 Nf7 18. Nxf7 Kxf7 19. Rc1 Rcg8 20. Bg5 Rh7 21. Rh1 Rgh8 22. Ne1 Nc6 23. Nf3 Nd8 24. Qd2 Ke8 25. b4 Nf7 26. Qc3 Bh6 27. Bxh6 Rxh6 28. a3 g5 29. Qc5 g4 30. hxg4 fxg4 31. Nd2 Qd8 32. Rxh6 Rxh6 33. Qc3 Qh4 34. Qg3 Qg5 35. f4 gxf3+ 0-1

[Event "GER-chB Seniors 28th"]
[Site "Niederhausen"]
[Date "2016.08.15"]
[Round "3"]
[White "Dreyer, Eduard"]
[Black "Metzger, Eberhard"]
[Result "1-0"]
[WhiteElo "1914"]
[BlackElo "1828"]
[PlyCount "33"]
[EventDate "2016.08.13"]
[EventType "swiss"]
[EventRounds "9"]
[EventCountry "GER"]
[SourceTitle "EXT 2019"]
[Source "ChessBase"]
[SourceDate "2018.10.10"]
[SourceVersion "1"]
[SourceVersionDate "2018.10.10"]
[SourceQuality "1"]

1. d4 d6 2. f4 g6 3. e3 Bg7 4. Bd3 Nd7 5. Nd2 e6 6. c3 Ne7 7. Qf3 Rb8 8. Ne2 b6 9. g4 h6 10. Ng3 Bb7 11. e4 0-0 12. 0-0 f5 13. Qe2 Kh7 14. e5 dxe5 15. fxe5 f4 16. Nh5 Kh8 17. Nxf4 1-0

[Event "GER-chB Seniors 27th"]
[Site "Magdeburg"]
[Date "2015.08.23"]
[Round "9"]
[White "Dreyer, Eduard"]
[Black "Vogel, Alfred"]
[Result "1-0"]
[WhiteElo "1919"]
[BlackElo "1956"]
[PlyCount "103"]
[EventDate "2015.08.15"]
[EventType "swiss"]
[EventRounds "9"]
[EventCountry "GER"]
[SourceTitle "EXT 2018"]
[Source "ChessBase"]
[SourceDate "2017.10.13"]
[SourceVersion "1"]
[SourceVersionDate "2017.10.13"]
[SourceQuality "1"]

1. d4 f5 2. e4 d6 3. Bd3 fxe4 4. Bxe4 Nf6 5. Bd3 Nc6 6. c3 e5 7. d5 Ne7 8. c4 g6 9. Nc3 Bg7 10. h3 0-0 11. g4 c6 12. Qb3 cxd5 13. cxd5 b6 14. Bg5 h6 15. Bxf6 Bxf6 16. Nf3 Kg7 17. 0-0-0 Bd7 18. Kb1 Nc8 19. Qc2 Be8 20. g5 hxg5 21. Rdg1 Rh8 22. Ne4 Rh5 23. Rg3 Ne7 24. Nexg5 Qc8 25. Ne6+ Kh8 26. Nc7 Rb8 27. Rhg1 Nf5 28. Bxf5 Rxf5 29. Qc1 Kh7 30. Ng5+ Bxg5 31. Rxg5 Bf7 32. h4 Rb7 33. Ne6 Qxc1+ 34. Rxc1 Bxe6 35. dxe6 Rxg5 36. hxg5 Re7 37. Rc6 Rxe6 38. Rc7+ Kg8 39. Rd7 Kf8 40. Kc2 Ke8 41. Rxa7 Re7 42. Ra8+ Kf7 43. Rc8 Ke6 44. Kd3 Kd7 45. Rg8 Re6 46. Ke4 Kc6 47. Rc8+ Kd7 48. Kd5 Kxc8 49. Kxe6 Kc7 50. Kf6 d5 51. Kxe5 Kc6 52. Kd4 1-0

[Event "GER-chB Seniors 27th"]
[Site "Magdeburg"]
[Date "2015.08.21"]
[Round "7"]
[White "Dreyer, Eduard"]
[Black "Merettig, Georg"]
[Result "1-0"]
[WhiteElo "1919"]
[BlackElo "1866"]
[PlyCount "101"]
[EventDate "2015.08.15"]
[EventType "swiss"]
[EventRounds "9"]
[EventCountry "GER"]
[SourceTitle "EXT 2018"]
[Source "ChessBase"]
[SourceDate "2017.10.13"]
[SourceVersion "1"]
[SourceVersionDate "2017.10.13"]
[SourceQuality "1"]

1. d4 Nc6 2. f4 f5 3. Nf3 Nf6 4. e3 b6 5. c3 e6 6. Bd3 Bb7 7. Nbd2 d5 8. Ne5 Be7 9. Bb5 Qd6 10. Qa4 Ng4 11. Ndf3 0-0 12. Bxc6 Nxe5 13. Nxe5 Bxc6 14. Qxc6 Rac8 15. b4 Rf6 16. a4 Qd8 17. Ba3 Rh6 18. 0-0-0 a5 19. Qd7 Qf8 20. Nc6 Bd6 21. Kb2 Ra8 22. Ra1 Rf6 23. b5 Re8 24. Ne5 h6 25. Qc6 Qe7 26. h3 g5 27. Rhf1 Rd8 28. g4 fxg4 29. hxg4 gxf4 30. Rxf4 Bxa3+ 31. Rxa3 Rdf8 32. Kb3 Rxf4 33. exf4 Rf6 34. Ra2 Qh7 35. Qe8+ Kg7 36. Qe7+ Kg8 37. Qxh7+ Kxh7 38. Rf2 Kg7 39. c4 h5 40. g5 Rf8 41. cxd5 exd5 42. f5 h4 43. f6+ Kg8 44. g6 h3 45. f7+ Kg7 46. Rh2 c5 47. bxc6 b5 48. axb5 a4+ 49. Ka2 a3 50. Rxh3 Rb8 51. Rh7+ 1-0

[Event "GER-chB Seniors 27th"]
[Site "Magdeburg"]
[Date "2015.08.17"]
[Round "3"]
[White "Dreyer, Eduard"]
[Black "Wolf, Burghard"]
[Result "1-0"]
[WhiteElo "1919"]
[BlackElo "1892"]
[PlyCount "41"]
[EventDate "2015.08.15"]
[EventType "swiss"]
[EventRounds "9"]
[EventCountry "GER"]
[SourceTitle "EXT 2018"]
[Source "ChessBase"]
[SourceDate "2017.10.13"]
[SourceVersion "1"]
[SourceVersionDate "2017.10.13"]
[SourceQuality "1"]

1. d4 Nf6 2. e3 d5 3. c3 e6 4. Bd3 c5 5. Nd2 Nc6 6. f4 g6 7. Qf3 cxd4 8. exd4 Bd6 9. Ne2 Qc7 10. 0-0 0-0 11. g4 Ne8 12. h4 Kh8 13. h5 Qd8 14. Qh3 g5 15. fxg5 Qxg5 16. Ne4 Qe7 17. Nf6 Nxf6 18. Bg5 Qd7 19. Bxf6+ Kg8 20. Qe3 Rd8 21. Qh6 1-0

[Event "GER-chB Seniors 26th"]
[Site "Bad Neuenahr"]
[Date "2014.08.13"]
[Round "9"]
[White "Dreyer, Eduard"]
[Black "Grigat, Klaus Dieter"]
[Result "1/2-1/2"]
[WhiteElo "1905"]
[BlackElo "1923"]
[PlyCount "33"]
[EventDate "2014.08.05"]
[EventType "swiss"]
[EventRounds "9"]
[EventCountry "GER"]
[SourceTitle "EXT 2018"]
[Source "ChessBase"]
[SourceDate "2017.10.13"]
[SourceVersion "1"]
[SourceVersionDate "2017.10.13"]
[SourceQuality "1"]

1. d4 g6 2. e3 Bg7 3. c3 d5 4. Bd3 Nf6 5. Nd2 Nbd7 6. f4 c5 7. Qf3 c4 8. Bc2 Nb6 9. h3 Bd7 10. g4 Qc7 11. Ne2 e6 12. Ng3 h5 13. g5 Ng8 14. h4 Ne7 15. e4 Bc6 16. 0-0 dxe4 17. Bxe4 1/2-1/2

[Event "GER-ch Seniors"]
[Site "Dresden"]
[Date "2012.08.12"]
[Round "4"]
[White "Keller, Gerhard"]
[Black "Dreyer, Eduard"]
[Result "0-1"]
[WhiteElo "1767"]
[BlackElo "1824"]
[PlyCount "96"]
[EventDate "2012.08.09"]
[EventType "swiss"]
[EventRounds "9"]
[EventCountry "GER"]
[SourceTitle "EXT 2014"]
[Source "ChessBase"]
[SourceDate "2013.11.20"]
[SourceVersion "1"]
[SourceVersionDate "2013.11.20"]
[SourceQuality "1"]

1. e4 e6 2. d4 d5 3. e5 c5 4. c3 Qb6 5. Nf3 Nc6 6. Be2 Bd7 7. 0-0 f6 8. dxc5 Bxc5 9. b4 Be7 10. Be3 Qc7 11. exf6 Bxf6 12. Qd2 Nxb4 13. Nd4 Nc6 14. Na3 a6 15. Nac2 Nge7 16. Bh5+ Ng6 17. Nxc6 bxc6 18. Bc5 Qe5 19. Bg4 Qxc3 20. Qxc3 Bxc3 21. Rab1 Ne5 22. Be2 Kf7 23. Rb7 Rhd8 24. f4 Ng6 25. f5 Ne5 26. fxe6+ Kxe6 27. Nd4+ Bxd4+ 28. Bxd4 Rab8 29. Ra7 Rb4 30. Bc3 Ra4 31. Re1 d4 32. Bb2 Kd5 33. a3 Rb8 34. Bc1 Rb1 35. Rxa6 Rxa6 36. Bxa6 c5 37. Bd2 Rxe1+ 38. Bxe1 c4 39. h3 Kc5 40. Bb7 c3 41. Be4 g6 42. Kf2 Bb5 43. Bb1 Bd3 44. Ba2 Bc4 45. Bb1 Nd3+ 46. Ke2 Nxe1+ 47. Kxe1 d3 48. g3 Kd4 0-1

[Event "Leutersdorf Sparkasse op 15th"]
[Site "Leutersdorf"]
[Date "2011.02.19"]
[Round "4"]
[White "Dreyer, Eduard"]
[Black "Teuber, Andreas"]
[Result "0-1"]
[WhiteElo "1877"]
[BlackElo "2167"]
[PlyCount "57"]
[EventDate "2011.02.18"]
[EventType "swiss"]
[EventRounds "7"]
[EventCountry "GER"]
[SourceTitle "CBM 141 Extra"]
[Source "ChessBase"]
[SourceDate "2011.05.03"]
[SourceVersion "1"]
[SourceVersionDate "2011.05.03"]
[SourceQuality "1"]

1. d4 d5 2. e3 Nf6 3. c3 e6 4. Bd3 c5 5. f4 Be7 6. Nf3 0-0 7. Nbd2 b6 8. Ne5 Qc7 9. 0-0 Ba6 10. Bxa6 Nxa6 11. Qf3 b5 12. b3 Rac8 13. Bb2 Qb7 14. g4 Ne4 15. Nxe4 dxe4 16. Qh3 f6 17. g5 fxe5 18. Qxe6+ Kh8 19. dxe5 c4 20. h4 Nc5 21. Qg4 Nd3 22. Rab1 Bc5 23. Qe2 Nxf4 24. Qe1 Nd3 25. Qg3 Rxf1+ 26. Kxf1 Rf8+ 27. Kg1 Rf3 28. Qg4 Bxe3+ 29. Kg2 0-1

[Event "Leutersdorf Sparkasse op 15th"]
[Site "Leutersdorf"]
[Date "2011.02.19"]
[Round "2"]
[White "Zimmermann, Rene"]
[Black "Dreyer, Eduard"]
[Result "1-0"]
[WhiteElo "2115"]
[BlackElo "1877"]
[PlyCount "71"]
[EventDate "2011.02.18"]
[EventType "swiss"]
[EventRounds "7"]
[EventCountry "GER"]
[SourceTitle "CBM 141 Extra"]
[Source "ChessBase"]
[SourceDate "2011.05.03"]
[SourceVersion "1"]
[SourceVersionDate "2011.05.03"]
[SourceQuality "1"]

1. d4 d5 2. c4 e6 3. Nc3 c6 4. Nf3 f5 5. Qc2 Bd6 6. g3 Nf6 7. Bg2 0-0 8. 0-0 Ne4 9. Nd2 f4 10. Ndxe4 dxe4 11. Nxe4 fxg3 12. fxg3 Rxf1+ 13. Bxf1 Bc7 14. Qd3 Qf8 15. Ng5 g6 16. Qf3 Qxf3 17. Nxf3 Nd7 18. Bf4 Bd8 19. Bh3 Nf8 20. Bd6 Bf6 21. e4 h6 22. Rf1 Bd7 23. e5 Bg7 24. Nd2 Nh7 25. Bg2 Bf8 26. Ne4 b6 27. c5 b5 28. Nf6+ Nxf6 29. Rxf6 Bxd6 30. cxd6 Kg7 31. Be4 Be8 32. Rxe6 Bf7 33. Re7 Kf8 34. e6 Be8 35. Rc7 Rd8 36. e7+ 1-0

[Event "Leutersdorf Sparkasse op 13th"]
[Site "Leutersdorf"]
[Date "2009.02.14"]
[Round "5"]
[White "Dreyer, Eduard"]
[Black "Roessler, Frank Peter"]
[Result "1-0"]
[WhiteElo "1808"]
[BlackElo "2058"]
[PlyCount "111"]
[EventDate "2009.02.13"]
[EventType "swiss"]
[EventRounds "7"]
[EventCountry "GER"]
[SourceTitle "CBM 128 Extra"]
[Source "ChessBase"]
[SourceDate "2009.03.05"]
[SourceVersion "2"]
[SourceVersionDate "2009.03.25"]
[SourceQuality "1"]

1. d4 e6 2. e4 d5 3. Nc3 dxe4 4. Nxe4 Nd7 5. Bd3 Ngf6 6. Nf3 Nxe4 7. Bxe4 Nf6 8. Qd3 Be7 9. c3 Nxe4 10. Qxe4 Qd5 11. Qxd5 exd5 12. Bf4 c6 13. h3 f6 14. Kd2 Kf7 15. Rae1 b5 16. g4 h6 17. Re3 a5 18. Rhe1 Ra7 19. Bg3 b4 20. Rb1 h5 21. Ne1 hxg4 22. h4 Bf5 23. Nd3 Rb8 24. Bxb8 Rb7 25. Bg3 a4 26. b3 bxc3+ 27. Kxc3 Bd8 28. b4 Be4 29. Bd6 Rd7 30. Bc5 Ke6 31. b5 cxb5 32. Rxb5 f5 33. Bb6 Bxh4 34. Nc5+ Kd6 35. Nxd7 Kxd7 36. Rb2 f4 37. Re1 g5 38. Rg1 g3 39. fxg3 Bxg3 40. Rxg3 fxg3 41. Re2 Bf3 42. Re1 g2 43. Kd2 Kc6 44. Bc5 Kb5 45. a3 g4 46. Ke3 Kc4 47. Kf2 Kd3 48. Rg1 Ke4 49. Rb1 Kf4 50. Rb4 Bd1 51. Kxg2 Ke3 52. Kg3 Ke4 53. Rb8 Kf5 54. Rf8+ Kg5 55. Be7+ Kh5 56. Rf5+ 1-0

[Event "Leutersdorf Sparkasse op 13th"]
[Site "Leutersdorf"]
[Date "2009.02.14"]
[Round "3"]
[White "Dreyer, Eduard"]
[Black "Schoene, Lucas"]
[Result "1-0"]
[WhiteElo "1808"]
[BlackElo "948"]
[PlyCount "41"]
[EventDate "2009.02.13"]
[EventType "swiss"]
[EventRounds "7"]
[EventCountry "GER"]
[SourceTitle "CBM 128 Extra"]
[Source "ChessBase"]
[SourceDate "2009.03.05"]
[SourceVersion "2"]
[SourceVersionDate "2009.03.25"]
[SourceQuality "1"]

1. e4 e6 2. d4 d5 3. e5 c5 4. c3 Nc6 5. Nf3 Bd7 6. Be3 Qb6 7. Qc2 Be7 8. Nbd2 cxd4 9. Nxd4 Bc5 10. f4 Nxd4 11. cxd4 Bxd4 12. Bxd4 Qxd4 13. g3 Rc8 14. Qd3 Qxb2 15. Rb1 Qxa2 16. Rxb7 Nh6 17. Rxd7 Kxd7 18. Qb5+ Kd8 19. Qb4 Nf5 20. g4 Ne3 21. Qd6+ 1-0

[Event "Leutersdorf Sparkasse op 13th"]
[Site "Leutersdorf"]
[Date "2009.02.13"]
[Round "2"]
[White "Roessler, Katharina"]
[Black "Dreyer, Eduard"]
[Result "1/2-1/2"]
[WhiteElo "1357"]
[BlackElo "1808"]
[PlyCount "54"]
[EventDate "2009.02.13"]
[EventType "swiss"]
[EventRounds "7"]
[EventCountry "GER"]
[SourceTitle "CBM 128 Extra"]
[Source "ChessBase"]
[SourceDate "2009.03.05"]
[SourceVersion "2"]
[SourceVersionDate "2009.03.25"]
[SourceQuality "1"]

1. e4 e6 2. d4 d5 3. exd5 exd5 4. c3 Nf6 5. Bd3 Bd6 6. Nf3 0-0 7. 0-0 Ne4 8. Nbd2 f5 9. Bc2 Nd7 10. Re1 c6 11. Nf1 Ndf6 12. Ne5 h6 13. h3 Qc7 14. f3 Ng5 15. Ng3 Re8 16. Bf4 Nf7 17. Bxf5 Nxe5 18. dxe5 Bxe5 19. Bxe5 Rxe5 20. Bg6 Bxh3 21. Rxe5 Qxe5 22. Qe1 Qg5 23. Bd3 Re8 24. Qf2 Nh5 25. Nxh5 Qxh5 26. gxh3 Qxh3 27. Qg2 Qe6 1/2-1/2

[Event "Leutersdorf Sparkasse op 11th"]
[Site "Leutersdorf"]
[Date "2007.02.18"]
[Round "6"]
[White "Dreyer, Eduard"]
[Black "Sommer, Horst"]
[Result "0-1"]
[WhiteElo "1712"]
[BlackElo "1546"]
[PlyCount "90"]
[EventDate "2007.02.16"]
[EventType "swiss"]
[EventRounds "7"]
[EventCountry "GER"]
[SourceTitle "CBM 117 Extra"]
[Source "ChessBase"]
[SourceDate "2007.05.09"]
[SourceVersion "1"]
[SourceVersionDate "2007.05.09"]
[SourceQuality "1"]

1. d4 f5 2. Bf4 e6 3. e3 Nf6 4. h3 d5 5. Nf3 a6 6. Bd3 c5 7. c3 c4 8. Bc2 Nc6 9. Nbd2 Bd6 10. Ne5 0-0 11. g4 Qc7 12. Ndf3 Nd7 13. Nxd7 Bxd7 14. Bxd6 Qxd6 15. Nd2 e5 16. dxe5 Nxe5 17. f4 Nd3+ 18. Bxd3 cxd3 19. Nb3 Rae8 20. Kd2 Qb6 21. Re1 Re4 22. Rb1 Ba4 23. gxf5 Rfe8 24. Qf3 Bxb3 25. axb3 Qxb3 26. Kxd3 d4 27. Qxe4 Rxe4 28. Kxe4 dxe3 29. Kxe3 Qc2 30. Kf3 Qxf5 31. Kg3 h5 32. Rf1 Qd3+ 33. Kh4 g6 34. Rbd1 Qb5 35. Rf2 Kg7 36. Rfd2 Kh6 37. Rd6 Qxb2 38. R1d2 Qc1 39. Kg3 Qxc3+ 40. R2d3 Qe1+ 41. Kf3 h4 42. Kg4 Qf2 43. Re6 a5 44. Ree3 Qg2+ 45. Kxh4 g5+ 0-1

[Event "Leutersdorf Muench Braeu op 11th"]
[Site "Leutersdorf"]
[Date "2006.02.13"]
[Round "4"]
[White "Dreyer, Eduard"]
[Black "Snorek, Milan"]
[Result "0-1"]
[WhiteElo "1722"]
[BlackElo "2129"]
[PlyCount "132"]
[EventDate "2006.02.11"]
[EventType "swiss"]
[EventRounds "9"]
[EventCountry "GER"]
[SourceTitle "CBM 110 Extra"]
[Source "ChessBase"]
[SourceDate "2006.03.10"]
[SourceVersion "2"]
[SourceVersionDate "2006.03.10"]
[SourceQuality "1"]

1. d4 d5 2. Nf3 Nf6 3. e3 e6 4. Bd3 Be7 5. Ne5 c5 6. b3 cxd4 7. exd4 Nc6 8. Bb2 Bd7 9. 0-0 Nb4 10. Be2 Qc7 11. Na3 a6 12. c3 Nc6 13. c4 Bxa3 14. Bxa3 Nxe5 15. dxe5 Qxe5 16. f4 Qe3+ 17. Kh1 Ne4 18. Qe1 0-0-0 19. cxd5 exd5 20. Rf3 Qd2 21. Qxd2 Nxd2 22. Rd3 Ne4 23. Rxd5 Bc6 24. Rxd8+ Rxd8 25. Bb4 Rd4 26. a3 Bd5 27. Rb1 f5 28. Kg1 Nf6 29. g3 Ne4 30. Rb2 g6 31. Kf1 h5 32. Ke1 h4 33. gxh4 Kd7 34. Bf3 Ke6 35. Ke2 b6 36. Ke3 Nf6 37. Bc3 Re4+ 38. Bxe4 Nxe4 39. Bd4 b5 40. a4 b4 41. Kd3 Kd6 42. Rb1 Nf2+ 43. Kd2 Ng4 44. h3 Nh2 45. Bg7 Nf3+ 46. Ke3 Nxh4 47. Bf8+ Ke6 48. Bxb4 Ng2+ 49. Kd4 Nxf4 50. Re1+ Be4 51. Re3 Nd5 52. Rg3 Nxb4 53. Rxg6+ Kf7 54. Rb6 Nc6+ 55. Ke3 a5 56. Kf4 Ne7 57. Ra6 Nd5+ 58. Ke5 Nb4 59. Rb6 Nd3+ 60. Kd4 Nf2 61. h4 f4 62. Ke5 f3 63. Rf6+ Kg7 64. Rf4 Bc6 65. b4 Nd3+ 66. Kd6 Nxf4 0-1

[Event "Leutersdorf Muench Braeu op 11th"]
[Site "Leutersdorf"]
[Date "2006.02.12"]
[Round "2"]
[White "Dreyer, Eduard"]
[Black "Graf, Felix"]
[Result "0-1"]
[WhiteElo "1722"]
[BlackElo "2209"]
[PlyCount "92"]
[EventDate "2006.02.11"]
[EventType "swiss"]
[EventRounds "9"]
[EventCountry "GER"]
[SourceTitle "CBM 110 Extra"]
[Source "ChessBase"]
[SourceDate "2006.03.10"]
[SourceVersion "2"]
[SourceVersionDate "2006.03.10"]
[SourceQuality "1"]

1. d4 Nf6 2. Nf3 e6 3. e3 b6 4. b3 Bb4+ 5. c3 Be7 6. Bd3 Bb7 7. Qc2 c5 8. Nbd2 Nc6 9. 0-0 cxd4 10. exd4 Rc8 11. a3 Nd5 12. c4 Nf4 13. Bb2 Nxd3 14. Qxd3 d5 15. Rac1 0-0 16. Rfe1 Ba6 17. Qe3 Na5 18. c5 Bf6 19. b4 Nc4 20. Nxc4 dxc4 21. Nd2 Bg5 22. f4 Bh4 23. g3 Be7 24. Nxc4 Qd5 25. Ne5 Bb7 26. c6 Bxc6 27. Rxc6 Rxc6 28. Nxc6 Qxc6 29. Rc1 Qd7 30. Qc3 Bf6 31. Kf2 Rd8 32. Rd1 h5 33. Qf3 h4 34. g4 Rc8 35. g5 Rc2+ 36. Kg1 Bxg5 37. fxg5 Rxb2 38. Qa8+ Kh7 39. Qe4+ g6 40. Qxh4+ Kg8 41. Qe4 Qa4 42. Rc1 Qd7 43. Qa8+ Kg7 44. Qe4 Qd6 45. Rd1 Qxh2+ 46. Kf1 Qf2# 0-1